| 000 | 00601nam a2200169 i 4500 | ||
|---|---|---|---|
| 001 | 94061 | ||
| 003 | ES-MaACL | ||
| 005 | 20230906181401.0 | ||
| 007 | t| | ||
| 008 | 050615s1904 gw ||||1| ger d | ||
| 100 | 1 |
_aVoll, Karl. _9115706 |
|
| 245 | 1 | 4 |
_aDie meisterwerke der Königl. gemälde-galerie zu Cassel _b: 209 kunstdrucke nach den originalgemälden, mit einleitendem text / _cvon Karl Voll. |
| 260 |
_aMünchen : _bF. Hanfstaengl, _c[1904] |
||
| 300 |
_aXX, 210 p. : _bprincipalmente il. ; _c26 cm. |
||
| 610 | 1 | 7 |
_aKassel. _bStaatliche gemèaldegalerie. _9134599 |
| 852 |
_aES-MaACL _jC-1507 |
||
| 999 |
_c94061 _d94061 |
||